سُلطان شمسُ الدّين التمش (Record no. 608169)
[ view plain ]
| 000 -LEADER | |
|---|---|
| fixed length control field | 00629nam a2200193 a 4500 |
| 003 - CONTROL NUMBER IDENTIFIER | |
| control field | OSt |
| 005 - DATE AND TIME OF LATEST TRANSACTION | |
| control field | 20240226121510.0 |
| 008 - FIXED-LENGTH DATA ELEMENTS--GENERAL INFORMATION | |
| fixed length control field | 180228t2016 pk | |||| 00| 0 urd d |
| 040 ## - CATALOGING SOURCE | |
| Transcribing agency | 0 |
| 082 ## - DEWEY DECIMAL CLASSIFICATION NUMBER | |
| Classification number | 954.90257 |
| Author Mark | ASL 2016 |
| 100 1# - MAIN ENTRY--PERSONAL NAME | |
| Personal name | اسلم راہی ايم اے |
| 9 (RLIN) | 121239 |
| 245 10 - TITLE STATEMENT | |
| Title | سُلطان شمسُ الدّين التمش |
| Statement of responsibility, etc. | Aslam Rahi M A |
| 246 ## - VARYING FORM OF TITLE | |
| Title proper/short title | Sultan Shams Ud Al Tamash |
| 260 ## - PUBLICATION, DISTRIBUTION, ETC. | |
| Place of publication, distribution, etc. | Lahore: |
| Name of publisher, distributor, etc. | Imad Pub; |
| Date of publication, distribution, etc. | 2016. |
| 300 ## - PHYSICAL DESCRIPTION | |
| Extent | 520 p. |
| 650 ## - SUBJECT ADDED ENTRY--TOPICAL TERM | |
| Topical term or geographic name entry element | Urdu literature |
| 9 (RLIN) | 9798 |
| 942 ## - ADDED ENTRY ELEMENTS (KOHA) | |
| Source of classification or shelving scheme | |
| Koha item type | Book |
| Institution code [OBSOLETE] | SADA |
| Call number prefix | 954.90257 ASL 2016 |
| Withdrawn status | Lost status | Source of classification or shelving scheme | Damaged status | Not for loan | Permanent Location | Current Location | Date acquired | Source of acquisition | Total Checkouts | Full call number | Barcode | Date last seen | Cost, replacement price | Price effective from | Koha item type |
|---|---|---|---|---|---|---|---|---|---|---|---|---|---|---|---|
| School of Art Design and Architecture (SADA) | School of Art Design and Architecture (SADA) | 02/09/2018 | Donation | 954.90257 ASL 2016 | SADAD0000271 | 02/26/2024 | 420.00 | 02/26/2024 | Book |
